FACE: (New) Facets of a Sociopragmatic Concept /
Face has become a key-concept in current socio-pragmatics. By virtue of its metaphorical force, it enables researchers to explain universal processes of human communication mostly reflected in language use. Yet being an English construct, in intercultural comparison, face provokes critical debates p...
مؤلفون آخرون:
التنسيق: كتاب الكتروني
اللغة: English
منشور في:
Leiden ; Boston :
Brill,
2025.
سلاسل:
Language and Linguistics E-Books Online, Collection 2024.
Studies in Pragmatics ;
24.
الموضوعات:
الوصول للمادة أونلاين: Login to view Source
الوسوم: إضافة وسم
رقم الطلب: P57.I4
| LEADER | 02389nam a22004818i 4500 | ||
|---|---|---|---|
| 001 | BRILL9789004702837 | ||
| 003 | nllekb | ||
| 005 | 20250308131542.0 | ||
| 006 | m d | ||
| 007 | cr un uuuua | ||
| 008 | 241004s2025 gw sb 001 0 eng d | ||
| 020 | |a 9789004702837 |q (electronic book) | ||
| 020 | |z 9789004694842 |q (print) | ||
| 024 | 7 | |a 10.1163/9789004702837 |2 DOI | |
| 035 | |z (OCoLC)1445895576 | ||
| 040 | |a NL-LeKB |c NL-LeKB |e rda | ||
| 041 | |a eng | ||
| 050 | 4 | |a P57.I4 | |
| 072 | 7 | |a CFGA |2 bicssc | |
| 072 | 7 | |a LAN |x 009030 |2 bisacsh | |
| 072 | 7 | |a LAN |x 016000 |2 bisacsh | |
| 082 | 0 | 4 | |a 418/.007/054 |2 23 |
| 245 | 0 | 0 | |a FACE: (New) Facets of a Sociopragmatic Concept / |c edited by Gudrun Held. |
| 264 | 1 | |a Leiden ; |a Boston : |b Brill, |c 2025. | |
| 264 | 4 | |c ©2025 | |
| 300 | |a 1 online resource (240 pages) : |b illustrations. | ||
| 336 | |a text |b txt |2 rdacontent | ||
| 337 | |a computer |b c |2 rdamedia | ||
| 338 | |a online resource |2 rdacarrier | ||
| 490 | 1 | |a Language and Linguistics E-Books Online, Collection 2024 | |
| 490 | 1 | |a Studies in Pragmatics ; |v 24 | |
| 504 | |a Includes bibliographical references and index. | ||
| 520 | |a Face has become a key-concept in current socio-pragmatics. By virtue of its metaphorical force, it enables researchers to explain universal processes of human communication mostly reflected in language use. Yet being an English construct, in intercultural comparison, face provokes critical debates putting in doubt namely its relation to im/politeness -theories. The 8 articles in this volume tie on these issues putting face under linguistic scrutiny: With different approaches and methods, some re-consider the notion of face comparing labels and expressions in lingua-cultures other than English; others explore the verbal enactment of face in selected speech acts, conversational moves and interactional settings. | ||
| 546 | |a English | ||
| 588 | |a Description based on print version record. | ||
| 650 | 0 | |a Languages and Linguistics. | |
| 700 | 1 | |a Held, Gudrun, |e editor. | |
| 776 | 0 | 8 | |i Print version: |t FACE: (New) Facets of a Sociopragmatic Concept. |d Leiden ; Boston : Brill, 2025. |z 9789004694842 |
| 830 | 0 | |a Language and Linguistics E-Books Online, Collection 2024. | |
| 830 | 0 | |a Studies in Pragmatics ; |v 24. | |
| 856 | 4 | |z DOI: |u http://dx.doi.org/10.1163/9789004702837 | |
| 942 | |2 lcc |c EBOOK | ||
| 999 | |c 60158 |d 60158 | ||
